[Event "Thessaloniki Triandria op 8th"]
[Site "Thessaloniki"]
[Date "2015.04.19"]
[Round "7"]
[White "Radlovacki, Jovan"]
[Black "Tsironis, Alexandros"]
[Result "1-0"]
[WhiteElo "2398"]
[BlackElo "1851"]
[PlyCount "75"]
[EventDate "2015.04.14"]
[EventType "swiss"]
[EventRounds "7"]
[EventCountry "GRE"]
[SourceTitle "CBM 166 Extra"]
[Source "ChessBase"]
[SourceDate "2015.06.18"]
[SourceVersion "1"]
[SourceVersionDate "2015.06.18"]
[SourceQuality "1"]

1. e4 c5 2. Nf3 e6 3. d3 Nc6 4. g3 Nge7 5. Bg2 g6 6. 0-0 Bg7 7. c3 0-0 8. Re1 e5 9. Be3 d6 10. Na3 h6 11. Qd2 Kh7 12. d4 cxd4 13. cxd4 Bg4 14. d5 Bxf3 15. Bxf3 Nb8 16. Qb4 b6 17. Nb5 Nc8 18. Bg4 Na6 19. Qc4 Nc5 20. Bxc8 Rxc8 21. Nxa7 Rc7 22. Nc6 Qe8 23. Bxc5 bxc5 24. a4 f5 25. a5 fxe4 26. Qxe4 Qf7 27. Re2 Rxc6 28. dxc6 d5 29. Qc2 c4 30. a6 d4 31. Qe4 Qa7 32. Qd5 d3 33. Rd2 e4 34. Qxe4 c3 35. bxc3 Bxc3 36. Rb1 Rf7 37. Rb7 Rxb7 38. cxb7 1-0

[Event "Thessaloniki Triandrias 4th"]
[Site "Thessaloniki"]
[Date "2011.04.28"]
[Round "3"]
[White "Stavrakakis, Vasilios"]
[Black "Tsironis, Alexandros"]
[Result "1-0"]
[WhiteElo "2147"]
[BlackElo "1740"]
[PlyCount "49"]
[EventDate "2011.04.26"]
[EventType "swiss"]
[EventRounds "7"]
[EventCountry "GRE"]
[SourceTitle "EXT 2024"]
[Source "ChessBase"]
[SourceDate "2023.10.10"]
[SourceVersion "1"]
[SourceVersionDate "2023.10.10"]
[SourceQuality "1"]

1. e4 c5 2. c3 Nf6 3. e5 Nd5 4. d4 cxd4 5. cxd4 e6 6. Nc3 Nxc3 7. bxc3 Qc7 8. Bd2 a6 9. Bd3 d6 10. f4 Bd7 11. Nf3 b5 12. Ng5 Bc6 13. 0-0 g6 14. Qg4 Kd8 15. Ne4 Nd7 16. Qe2 Nb6 17. Be1 Bxe4 18. exd6 Bxd6 19. Bxe4 Rc8 20. Qf3 Rb8 21. Bc6 Rf8 22. a4 Nxa4 23. c4 Rb6 24. Ba5 Qxc6 25. Qxc6 1-0